000 00452nam a2200157Ia 4500
003 GCL
008 140319s9999 xx 000 0 eng d
040 _aGCL /
_cGCL
082 0 4 _a363.73
_bM P
100 1 _aMOHAMED LARBIE BOUGUERRS
245 1 0 _aLA POLLUTION INVISIBLE /
_cMOHAMED LARBIE BOUGUERRS
260 _a[S.N] :
_bPRESSES UNIVERSITAIRES DE FRANCE ،
_c1997
650 0 4 _aالشعر الايطالى
650 0 4 _aPOLLUTION
942 _2ddc
_cBK
999 _c16438
_d16438